[Event "Bretagne-ch U14/16 Girls"]
[Site "Ploermel"]
[Date "2007.02.13"]
[Round "1"]
[White "Novello, Celia"]
[Black "Peyre, Camille"]
[Result "0-1"]
[WhiteElo "1340"]
[BlackElo "1807"]
[PlyCount "100"]
[EventDate "2007.02.13"]
[EventType "tourn"]
[EventRounds "6"]
[EventCountry "FRA"]
[SourceTitle "EXT 2008"]
[Source "ChessBase"]
[SourceDate "2007.11.25"]
[SourceVersion "1"]
[SourceVersionDate "2007.11.25"]
[SourceQuality "1"]

1. e4 c6 2. Nf3 d5 3. exd5 cxd5 4. Nc3 Nf6 5. Bb5+ Bd7 6. Bxd7+ Nbxd7 7. 0-0 e6 8. d3 Qc7 9. a3 a6 10. Re1 Bd6 11. Bg5 0-0 12. g3 h6 13. Be3 e5 14. d4 e4 15. Nh4 Nb6 16. Nf5 Nc4 17. Nxd6 Qxd6 18. Bf4 Qc6 19. Qc1 Kh7 20. b3 Nxa3 21. Rxa3 Qxc3 22. Qd1 Rac8 23. Ra2 Qc6 24. Be5 Qe6 25. Bxf6 Qxf6 26. Qh5 Rfd8 27. Re2 g6 28. Qe5 Qxe5 29. dxe5 Rc3 30. Ra5 Rc7 31. Kg2 g5 32. Rd2 Rcd7 33. Rd4 Kg6 34. f3 exf3+ 35. Kxf3 Kf5 36. c4 Kxe5 37. Rdxd5+ Rxd5 38. Rxd5+ Rxd5 39. cxd5 f5 40. d6 Kxd6 41. h4 gxh4 42. gxh4 Ke5 43. Kg3 b6 44. Kf3 a5 45. Ke3 b5 46. Kd3 a4 47. Kc3 axb3 48. Kxb3 Kf4 49. Kb4 Kg3 50. Kxb5 f4 0-1